000
00197 a2200097 4500
001
18006
100
_a
Grube, E J
245
_a
World of Islam
260
_a
_b
Paul Hamlyn
_c
090
_c
13310
_d
13310
942
_a
NUST-CAE
_c
M
_c
3682
999
_c
253079
_d
253079